000 00707cam a22002413a 4500
001 31731
003 PGUSA
005 20140828083703.0
008 100322s2010||||xxu|||||s|||||000 | eng d
040 _aPGUSA
_beng
042 _adc
050 4 _aPT
100 1 _aSylva, Carmen,
_d1843-1916
245 1 0 _aAus meinem Königreich :
_bTales from the Carpathian Mountains
_h[electronic resource] /
_cCarmen Sylva
260 _bProject Gutenberg,
_c2010
506 _aPublic domain in the USA.
516 _aElectronic text
653 _aFolklore -- Romania
700 1 _aBernhardt, Wilhelm,
_d-1909
830 0 _aProject Gutenberg
_v31731
856 4 0 _uhttp://www.gutenberg.org/ebooks/31731
942 _cEB
999 _c260986
_d260986